[Event "BEL-ch U16"]
[Site "Blankenberge"]
[Date "2015.04.15"]
[Round "6"]
[White "Verstraeten, Leander"]
[Black "Jalalijam, Amir"]
[Result "0-1"]
[WhiteElo "1171"]
[BlackElo "1434"]
[PlyCount "116"]
[EventDate "2015.04.12"]
[EventType "swiss"]
[EventRounds "9"]
[EventCountry "BEL"]
[SourceTitle "CBM 166 Extra"]
[Source "ChessBase"]
[SourceDate "2015.06.18"]
[SourceVersion "1"]
[SourceVersionDate "2015.06.18"]
[SourceQuality "1"]

1. d4 d5 2. Bf4 Nc6 3. e3 f6 4. Nf3 g5 5. Bg3 h5 6. h3 Bf5 7. a3 e6 8. c4 Bd6 9. Bxd6 Qxd6 10. Nc3 0-0-0 11. Qa4 Nge7 12. Nb5 Qd7 13. Nxa7+ Kb8 14. Nxc6+ Nxc6 15. b4 Nxd4 16. Qxd7 Nxf3+ 17. gxf3 Rxd7 18. c5 c6 19. Ra2 e5 20. Rb2 Kc7 21. b5 Ra8 22. Ra2 d4 23. a4 d3 24. Kd2 cxb5 25. e4 Be6 26. Ra3 Rxa4 27. Rxd3 Rxd3+ 28. Bxd3 Rd4 29. Ke3 Bc4 30. Bb1 Kc6 31. h4 gxh4 32. Rxh4 Kxc5 33. Rxh5 b4 34. f4 Rd1 35. Bc2 Re1+ 36. Kd2 Re2+ 37. Kd1 Rxf2 38. fxe5 Be2+ 39. Ke1 Bxh5 40. Kxf2 fxe5 41. Ke3 Kc4 42. Kd2 Kd4 43. Kc1 Bf3 44. Kb2 Bxe4 45. Ba4 Kc4 46. Bb3+ Kd4 47. Bd1 Bd5 48. Bg4 Kd3 49. Bf5+ e4 50. Bg6 Kd2 51. Bxe4 Bxe4 52. Kb3 Bd3 53. Kxb4 Kc2 54. Kc5 b5 55. Kb4 Kb2 56. Kc5 Ka3 57. Kd4 b4 58. Kxd3 Ka2 0-1